000
00351nam a2200157Ia 4500
003
OSt
005
20240307111908.0
008
170523s9999 xx 000 0 und d
020
_a
978-0072872903
040
_c
iimtu meerut
100
_a
DESS- TAYLOR
245
0
_a
STRATEGIC MANAGEMENT
260
_b
MC GRAW HILL
260
_c
2004
942
_2
ddc
_c
02
999
_c
1146
_d
1146